Library Banner

Afsad ul baiyat aghtiyal lulhiyat/ (Record no. 94127)

MARC details
000 -LEADER
fixed length control field 00362nam a22001337a 4500
005 - DATE AND TIME OF LATEST TRANSACTION
control field 20170530090433.0
008 - FIXED-LENGTH DATA ELEMENTS--GENERAL INFORMATION
fixed length control field 170530b xxu||||| |||| 00| 0 eng d
040 ## - CATALOGING SOURCE
Transcribing agency PK-LaUMT
082 ## - DEWEY DECIMAL CLASSIFICATION NUMBER
Classification number ZIAC 297.016
Item number AFS-
245 ## - TITLE STATEMENT
Title Afsad ul baiyat aghtiyal lulhiyat/
260 ## - PUBLICATION, DISTRIBUTION, ETC. (IMPRINT)
Place of publication, distribution, etc الریاض:
Name of publisher, distributor, etc حقوق الطبع محفوظۃ،
Date of publication, distribution, etc 1995
300 ## - PHYSICAL DESCRIPTION
Extent 166 ص
942 ## - ADDED ENTRY ELEMENTS (KOHA)
Koha item type Books
Holdings
Withdrawn status Lost status Damaged status Home library Current library Date acquired Full call number Barcode Date last seen Price effective from Koha item type
      UMT Main Campus UMT Main Campus 2017-05-30 ZIAC 297.016 AFS- 109696 2017-05-30 2017-05-30 Books